Mystical Islam : An introduction to Sufism
| Main Author: | |
|---|---|
| Format: | Book |
| Published: |
London :
I.B.Tauris & Co Ltd. ,
1989
|
| Subjects: |
MARC
| LEADER | 00000cam a2200000 7i4500 | ||
|---|---|---|---|
| 001 | 0000005206 | ||
| 002 | 000005628 | ||
| 005 | 20000330.0 | ||
| 020 | |a 185043137X | ||
| 090 | 0 | 0 | |a 297.4 |b BAL |
| 100 | 1 | |a Baldick, Julian | |
| 245 | 1 | 0 | |a Mystical Islam : |b An introduction to Sufism |c Julian Baldick |
| 260 | |a London : |b I.B.Tauris & Co Ltd. , |c 1989 | ||
| 300 | |a 208p. ; |c 22cm. | ||
| 650 | 0 | 0 | |a Sufism |
| 999 | |a 030420 |b BUKU |c PINJAMAN |e PERPUSTAKAAN KOMUNITI PETALING JAYA | ||